[Event "19. Obert Int. Sant Marti 2017 - B"]
[Site "Barcelona ESP"]
[Date "2017.07.18"]
[Round "6.44"]
[White "Bes Alvarez, Alex"]
[Black "Costa Trave, Jaume"]
[Result "1-0"]
[WhiteElo "1620"]
[BlackElo "1922"]
[PlyCount "139"]
[EventDate "2017.07.13"]
[EventType "swiss"]
[EventRounds "9"]
[EventCountry "ESP"]
[SourceTitle "Ajedrez en Madrid"]
[Source "lmi"]
[SourceDate "2017.07.13"]
[SourceVersion "1"]
[SourceVersionDate "2019.06.21"]
[SourceQuality "1"]

1. d4 d5 2. Nf3 Nc6 3. g3 Bf5 4. Bg2 e6 5. O-O Bd6 6. a3 h5 7. h4 Nh6 8. c4 Ng4
9. c5 Be7 10. Nc3 Qd7 11. Bf4 f6 12. b4 e5 13. dxe5 fxe5 14. Bg5 d4 15. Na4 e4
16. Bxe7 Qxe7 17. Ng5 a6 18. Nb2 O-O 19. Nc4 Rad8 20. Qb3 Kh8 21. f3 Nf6 22.
fxe4 Bg6 23. Nd2 Ne5 24. Qe6 Rfe8 25. Qxe7 Rxe7 26. Rac1 Neg4 27. Nc4 Kg8 28.
Rf4 Rde8 29. Nd2 Ne5 30. Nc4 Nxc4 31. Rxc4 Nxe4 32. Bxe4 Bxe4 33. Rxd4 Bc6 34.
e4 Ra8 35. Rf3 g6 36. Re3 a5 37. Nh3 axb4 38. axb4 Ra2 39. Nf4 Kg7 40. Ne2 Kf6
41. e5+ Kg7 42. Nf4 Ra1+ 43. Kf2 Bb5 44. Nd5 Rf7+ 45. Nf6 Rf1+ 46. Kg2 Rf5 47.
Rd8 Bc6+ 48. Kg1 Re7 49. Nd5 Rexe5 50. Rxe5 Rxe5 51. Nxc7 Re3 52. b5 Bf3 53.
Ne8+ Kh6 54. Nd6 Rc3 55. Rc8 Bd5 56. Rc7 Rxg3+ 57. Kh2 Rg2+ 58. Kh3 Rb2 59. b6
Rc2 60. Ne8 Bc6 61. Nd6 Bd5 62. Nc8 g5 63. hxg5+ Kxg5 64. Nd6 Bg2+ 65. Kh2 h4
66. Rg7+ Kf6 67. Rxg2 Rc1 68. Nxb7 Ke6 69. Nd6 Kd7 70. Rb2 1-0

[Event "19. Obert Int. Sant Marti 2017 - B"]
[Site "Barcelona ESP"]
[Date "2017.07.18"]
[Round "6.45"]
[White "Recio Reyes, Sergio"]
[Black "Llombart Baiges, Jaime"]
[Result "1-0"]
[WhiteElo "1807"]
[BlackElo "1622"]
[PlyCount "79"]
[EventDate "2017.07.13"]
[EventType "swiss"]
[EventRounds "9"]
[EventCountry "ESP"]
[SourceTitle "Ajedrez en Madrid"]
[Source "lmi"]
[SourceDate "2017.07.13"]
[SourceVersion "1"]
[SourceVersionDate "2019.06.21"]
[SourceQuality "1"]

1. d4 d5 2. Nf3 Bf5 3. c4 Nf6 4. Nc3 e6 5. Qb3 dxc4 6. Qxb7 Nbd7 7. e4 Bg6 8.
Bxc4 Rb8 9. Qxa7 Bb4 10. Bf4 Bxc3+ 11. bxc3 Rc8 12. e5 Ne4 13. Rc1 O-O 14. O-O
Nb6 15. Qa6 Ra8 16. Qb5 c6 17. Qb3 Rb8 18. Be3 Bh5 19. Bd3 Bxf3 20. gxf3 Ng5
21. Qd1 Nh3+ 22. Kh1 Qh4 23. Qd2 f5 24. f4 Nd5 25. Rfe1 Ndxf4 26. Bxf4 Nxf4 27.
Re3 Nh3 28. Rg3 f4 29. Rg2 g5 30. Qe1 f3 31. Rg3 Rb2 32. Rc2 Rfb8 33. Rxf3 Rb1
34. Rc1 R1b2 35. Rc2 Rxc2 36. Bxc2 Rb2 37. Qc1 Rxa2 38. Qb1 g4 39. Qb8+ Kg7 40.
Qf8# 1-0

[Event "19. Obert Int. Sant Marti 2017 - B"]
[Site "Barcelona ESP"]
[Date "2017.07.18"]
[Round "6.46"]
[White "Barrot Farre, Salvador"]
[Black "Kyrkjebo, Eirik"]
[Result "1-0"]
[WhiteElo "1771"]
[BlackElo "1611"]
[PlyCount "87"]
[EventDate "2017.07.13"]
[EventType "swiss"]
[EventRounds "9"]
[EventCountry "ESP"]
[SourceTitle "Ajedrez en Madrid"]
[Source "lmi"]
[SourceDate "2017.07.13"]
[SourceVersion "1"]
[SourceVersionDate "2019.06.21"]
[SourceQuality "1"]

1. e4 e5 2. Nf3 Nc6 3. Bb5 a6 4. Bxc6 dxc6 5. d3 Bd6 6. O-O Bg4 7. Nbd2 Qd7 8.
h3 Bh5 9. Qe2 O-O-O 10. Qe3 Kb8 11. Nc4 f6 12. Nfd2 g5 13. Nb3 Ne7 14. Nc5 Bxc5
15. Qxc5 g4 16. h4 g3 17. fxg3 Rhg8 18. Kh2 Rg6 19. Be3 Nc8 20. Bf2 Rdg8 21. a4
Qg7 22. Qe3 Rg4 23. Be1 Rxh4+ 24. Kg1 Rg4 25. b4 Be8 26. Na5 h5 27. Rf3 h4 28.
c4 hxg3 29. b5 f5 30. Rxf5 Qh7 31. Kf1 Qh1+ 32. Qg1 Qh6 33. Qc5 Rf4+ 34. Ke2
Bh5+ 35. Rxh5 Qxh5+ 36. Kd2 Qh1 37. bxa6 Qxg2+ 38. Kc3 Nd6 39. Nxc6+ Kc8 40. a7
Kd7 41. Nb8+ Ke6 42. Qd5+ Ke7 43. Qxe5+ Kf7 44. Qxf4+ 1-0

[Event "19. Obert Int. Sant Marti 2017 - B"]
[Site "Barcelona ESP"]
[Date "2017.07.18"]
[Round "6.47"]
[White "Sagar, Siya"]
[Black "Flemming, Klaus"]
[Result "1-0"]
[WhiteElo "1608"]
[BlackElo "1766"]
[PlyCount "93"]
[EventDate "2017.07.13"]
[EventType "swiss"]
[EventRounds "9"]
[EventCountry "ESP"]
[SourceTitle "Ajedrez en Madrid"]
[Source "lmi"]
[SourceDate "2017.07.13"]
[SourceVersion "1"]
[SourceVersionDate "2019.06.21"]
[SourceQuality "1"]

1. e4 e6 2. d4 d5 3. Nd2 Nf6 4. e5 Nfd7 5. Bd3 c5 6. c3 Nc6 7. Ne2 cxd4 8. cxd4
f6 9. exf6 Nxf6 10. Nf3 Bd6 11. O-O O-O 12. Bf4 Bxf4 13. Nxf4 Qd6 14. Ne2 e5
15. dxe5 Nxe5 16. Nxe5 Qxe5 17. Nc3 b6 18. Be2 Bb7 19. Bf3 Rad8 20. Re1 Ne4 21.
Qb3 Kh8 22. Nxe4 dxe4 23. Qb4 Qf4 24. Bxe4 Qxf2+ 25. Kh1 Bxe4 26. Qxe4 h6 27.
b3 Rd2 28. a3 a5 29. Rg1 Re2 30. Qc4 Rf4 31. Qd3 Rd2 32. Qb5 Re2 33. Rad1 Rf6
34. Rd8+ Kh7 35. Qd3+ Rg6 36. h3 Re3 37. Qb1 Qg3 38. Qc2 Rc3 39. Qf5 Rxb3 40.
Re8 Qd6 41. Qc8 Rgg3 42. Rh8+ Kg6 43. Qc2+ Qd3 44. Qc6+ Kh5 45. Qe8+ g6 46.
Qe5+ Rg5 47. g4+ 1-0

[Event "19. Obert Int. Sant Marti 2017 - B"]
[Site "Barcelona ESP"]
[Date "2017.07.18"]
[Round "6.48"]
[White "Volart Buil, Jordi"]
[Black "Rodriguez Batuecas, Jordi"]
[Result "1-0"]
[WhiteElo "1754"]
[BlackElo "1551"]
[PlyCount "111"]
[EventDate "2017.07.13"]
[EventType "swiss"]
[EventRounds "9"]
[EventCountry "ESP"]
[SourceTitle "Ajedrez en Madrid"]
[Source "lmi"]
[SourceDate "2017.07.13"]
[SourceVersion "1"]
[SourceVersionDate "2019.06.21"]
[SourceQuality "1"]

1. d4 Nf6 2. c4 g6 3. Nc3 Bg7 4. e4 d6 5. f4 O-O 6. h3 c5 7. dxc5 dxc5 8. Qxd8
Rxd8 9. e5 Ne8 10. Be3 b6 11. Be2 Bb7 12. Bf3 Bxf3 13. Nxf3 Nc6 14. a3 Nc7 15.
Ke2 f6 16. g4 Nd4+ 17. Bxd4 cxd4 18. Ne4 Ne6 19. f5 Nf4+ 20. Kd2 gxf5 21. gxf5
fxe5 22. Rag1 Kf8 23. Rg4 h5 24. Rg3 Bh6 25. Kc2 Bg7 26. Ne1 Rac8 27. b3 Bf6
28. Nd3 Nxd3 29. Kxd3 Kf7 30. Rhg1 Rg8 31. Rxg8 Rxg8 32. Rxg8 Kxg8 33. c5 bxc5
34. Nxc5 Kf7 35. Ke4 Bg7 36. b4 Kf6 37. b5 Bf8 38. Nd7+ Kf7 39. Nxe5+ Ke8 40.
Kxd4 Bg7 41. Kd5 Bxe5 42. Kxe5 Kd7 43. f6 exf6+ 44. Kxf6 Kd6 45. Kg5 Kc5 46.
Kxh5 Kxb5 47. Kg6 a5 48. h4 Ka4 49. h5 Kxa3 50. h6 a4 51. h7 Kb3 52. h8=Q a3
53. Qa1 a2 54. Kf5 Ka3 55. Qc3+ Ka4 56. Qb2 1-0

[Event "19. Obert Int. Sant Marti 2017 - B"]
[Site "Barcelona ESP"]
[Date "2017.07.18"]
[Round "6.49"]
[White "Riera Mestres, Josep"]
[Black "Romero Funieles, Rafael"]
[Result "0-1"]
[WhiteElo "1579"]
[BlackElo "1683"]
[PlyCount "68"]
[EventDate "2017.07.13"]
[EventType "swiss"]
[EventRounds "9"]
[EventCountry "ESP"]
[SourceTitle "Ajedrez en Madrid"]
[Source "lmi"]
[SourceDate "2017.07.13"]
[SourceVersion "1"]
[SourceVersionDate "2019.06.21"]
[SourceQuality "1"]

1. d4 e6 2. Nf3 Be7 3. Bf4 Nf6 4. h3 c5 5. e3 cxd4 6. Nxd4 e5 7. Bxe5 Qa5+ 8.
c3 Qxe5 9. Nd2 d5 10. Bd3 a6 11. N2f3 Qc7 12. Qc2 h6 13. g4 g5 14. O-O-O Nc6
15. Bf5 Nxd4 16. Rxd4 Bc5 17. Rd2 Bd7 18. Nd4 O-O-O 19. Nb3 Bb6 20. Bd3 Kb8 21.
Nd4 Rhe8 22. a4 Bxd4 23. exd4 Ne4 24. Re2 Re6 25. c4 Qf4+ 26. Kb1 Nd6 27. cxd5
Rxe2 28. Qxe2 Qxd4 29. Rd1 Qxa4 30. Bc2 Qa5 31. Qe7 Bb5 32. Qf6 Qb6 33. Qxh6
Be2 34. Rc1 Nc4 0-1

[Event "19. Obert Int. Sant Marti 2017 - B"]
[Site "Barcelona ESP"]
[Date "2017.07.18"]
[Round "6.50"]
[White "Garcia Punzano, Josep Lluis"]
[Black "Gomez Guinovart, Josep Manel"]
[Result "1-0"]
[WhiteElo "1683"]
[BlackElo "1601"]
[PlyCount "85"]
[EventDate "2017.07.13"]
[EventType "swiss"]
[EventRounds "9"]
[EventCountry "ESP"]
[SourceTitle "Ajedrez en Madrid"]
[Source "lmi"]
[SourceDate "2017.07.13"]
[SourceVersion "1"]
[SourceVersionDate "2019.06.21"]
[SourceQuality "1"]

1. d4 Nf6 2. c4 e6 3. Nc3 d5 4. Bg5 Be7 5. e3 Nbd7 6. Nf3 O-O 7. Bd3 h6 8. Bh4
c6 9. cxd5 exd5 10. O-O Re8 11. Rc1 Nf8 12. Ne5 N6d7 13. Bxe7 Qxe7 14. Nxd7
Bxd7 15. a3 Qg5 16. Qf3 Ng6 17. Qg3 Qxg3 18. hxg3 Ne7 19. b4 Bf5 20. Bxf5 Nxf5
21. b5 Nd6 22. bxc6 bxc6 23. Rfe1 Rab8 24. Rb1 Nc4 25. a4 a5 26. Red1 Nb2 27.
Rdc1 Nc4 28. Rxb8 Rxb8 29. e4 Rd8 30. exd5 cxd5 31. Nxd5 Rxd5 32. Rxc4 Kf8 33.
Kf1 Ke7 34. Ke2 f5 35. Kd3 h5 36. Rc7+ Kf6 37. Kc4 Rd8 38. Rc5 Ra8 39. d5 Ke5
40. f4+ Kd6 41. Rc6+ Kd7 42. Kc5 Rb8 43. Rg6 1-0

[Event "19. Obert Int. Sant Marti 2017 - B"]
[Site "Barcelona ESP"]
[Date "2017.07.18"]
[Round "6.51"]
[White "Alcala Gonzalez, Cesar"]
[Black "Valbuena Castro, Gregorio"]
[Result "1-0"]
[WhiteElo "1557"]
[BlackElo "1682"]
[PlyCount "57"]
[EventDate "2017.07.13"]
[EventType "swiss"]
[EventRounds "9"]
[EventCountry "ESP"]
[SourceTitle "Ajedrez en Madrid"]
[Source "lmi"]
[SourceDate "2017.07.13"]
[SourceVersion "1"]
[SourceVersionDate "2019.06.21"]
[SourceQuality "1"]

1. d4 c5 2. d5 Nf6 3. c4 d6 4. Nc3 g6 5. e4 Bg7 6. f3 O-O 7. Bd3 a6 8. Nge2 e6
9. a4 exd5 10. cxd5 Nbd7 11. O-O Ne5 12. Bc2 Bd7 13. f4 Nc4 14. Bd3 b5 15. Bxc4
bxc4 16. h3 Qe7 17. Ng3 Rab8 18. Qe2 Rb4 19. e5 Nh5 20. Nxh5 gxh5 21. Re1 Qh4
22. Ne4 Bxh3 23. gxh3 Rb3 24. Ra3 dxe5 25. Rxb3 cxb3 26. fxe5 Bxe5 27. Bh6 Bg7
28. Qg2 Qxe1+ 29. Kh2 1-0

[Event "19. Obert Int. Sant Marti 2017 - B"]
[Site "Barcelona ESP"]
[Date "2017.07.18"]
[Round "6.52"]
[White "Febrero Perez, Lluis"]
[Black "Escofet Llongueras, Joan"]
[Result "1/2-1/2"]
[WhiteElo "1488"]
[BlackElo "1676"]
[PlyCount "62"]
[EventDate "2017.07.13"]
[EventType "swiss"]
[EventRounds "9"]
[EventCountry "ESP"]
[SourceTitle "Ajedrez en Madrid"]
[Source "lmi"]
[SourceDate "2017.07.13"]
[SourceVersion "1"]
[SourceVersionDate "2019.06.21"]
[SourceQuality "1"]

1. e4 e6 2. d4 d5 3. e5 c5 4. c3 Nc6 5. Nf3 Qb6 6. a3 Bd7 7. Be2 f6 8. O-O Be7
9. b4 c4 10. a4 a6 11. a5 Qc7 12. Bf4 f5 13. Na3 Na7 14. Nc2 Nb5 15. Qd2 h6 16.
h3 Qd8 17. Nh2 g5 18. Bh5+ Kf8 19. Bg3 Be8 20. Bxe8 Qxe8 21. f4 Qg6 22. Na3
gxf4 23. Bxf4 Bg5 24. Nxb5 Bxf4 25. Qxf4 axb5 26. Nf3 Ne7 27. Nh4 Qg5 28. Ra2
Rg8 29. Kh2 Ng6 30. Nxg6+ Rxg6 31. g4 Qxf4+ 1/2-1/2

[Event "19. Obert Int. Sant Marti 2017 - B"]
[Site "Barcelona ESP"]
[Date "2017.07.18"]
[Round "6.53"]
[White "Tortosa Moros, Joan"]
[Black "Guinjoan Fradera, Joan"]
[Result "1-0"]
[WhiteElo "1672"]
[BlackElo "1531"]
[PlyCount "45"]
[EventDate "2017.07.13"]
[EventType "swiss"]
[EventRounds "9"]
[EventCountry "ESP"]
[SourceTitle "Ajedrez en Madrid"]
[Source "lmi"]
[SourceDate "2017.07.13"]
[SourceVersion "1"]
[SourceVersionDate "2019.06.21"]
[SourceQuality "1"]

1. e4 c5 2. Nf3 e6 3. d4 Be7 4. Be2 d6 5. O-O Nf6 6. e5 dxe5 7. dxe5 Qxd1 8.
Rxd1 Nd5 9. a3 O-O 10. c4 Nb6 11. Nc3 Bd7 12. Bg5 Bxg5 13. Nxg5 h6 14. Nge4 Na4
15. Nxa4 Bxa4 16. Rd2 b6 17. Bf3 Nc6 18. Nc3 Nd4 19. Nxa4 Nxf3+ 20. gxf3 f5 21.
Rd6 f4 22. Rad1 Rf5 23. Rxe6 1-0

[Event "19. Obert Int. Sant Marti 2017 - B"]
[Site "Barcelona ESP"]
[Date "2017.07.18"]
[Round "6.54"]
[White "Pascual Duran, Pau"]
[Black "Martin Arranz, Lluis"]
[Result "1/2-1/2"]
[WhiteElo "1491"]
[BlackElo "1669"]
[PlyCount "95"]
[EventDate "2017.07.13"]
[EventType "swiss"]
[EventRounds "9"]
[EventCountry "ESP"]
[SourceTitle "Ajedrez en Madrid"]
[Source "lmi"]
[SourceDate "2017.07.13"]
[SourceVersion "1"]
[SourceVersionDate "2019.06.21"]
[SourceQuality "1"]

1. e4 e6 2. d4 d5 3. e5 c5 4. c3 Nc6 5. Nf3 Qb6 6. a3 cxd4 7. cxd4 Nge7 8. Bd3
Nf5 9. Bxf5 exf5 10. O-O Be7 11. Nc3 Be6 12. Ne2 O-O 13. Nf4 Na5 14. Nd3 Nb3
15. Rb1 Nxd4 16. Nxd4 Qxd4 17. Be3 Qg4 18. f3 Qc4 19. Rc1 Qb5 20. Rc7 Rfe8 21.
Bc5 Bxc5+ 22. Rxc5 Qb6 23. Kh1 Rec8 24. Qc2 Rxc5 25. Qxc5 Qa6 26. Rd1 Rc8 27.
Qd4 Rc4 28. Qf2 Qa4 29. Rd2 h6 30. h3 b6 31. Nb4 a5 32. Nxd5 Rc1+ 33. Kh2 Bxd5
34. Rxd5 Qb3 35. Rd8+ Kh7 36. Rb8 Qe6 37. f4 Rc5 38. Qd4 Rb5 39. Qd8 Rxb2 40.
Qh8+ Kg6 41. Rg8 Kh5 42. Rxg7 Rd2 43. Qh7 Re2 44. Rxf7 Rxg2+ 45. Kxg2 Qd5+ 46.
Kf1 Qf3+ 47. Ke1 Qe3+ 48. Kd1 1/2-1/2

[Event "19. Obert Int. Sant Marti 2017 - B"]
[Site "Barcelona ESP"]
[Date "2017.07.18"]
[Round "6.56"]
[White "Prokudin, Igor"]
[Black "Gonzalez Canovas, Sebastia"]
[Result "0-1"]
[WhiteElo "1371"]
[BlackElo "1657"]
[PlyCount "109"]
[EventDate "2017.07.13"]
[EventType "swiss"]
[EventRounds "9"]
[EventCountry "ESP"]
[SourceTitle "Ajedrez en Madrid"]
[Source "lmi"]
[SourceDate "2017.07.13"]
[SourceVersion "1"]
[SourceVersionDate "2019.06.21"]
[SourceQuality "1"]

1. e4 c6 2. d4 d5 3. exd5 cxd5 4. c4 Nf6 5. Nc3 e6 6. Nf3 Be7 7. a3 dxc4 8.
Bxc4 O-O 9. O-O a6 10. Re1 b5 11. Ba2 Bb7 12. Bf4 h6 13. Bg3 Nc6 14. Bb1 Qd7
15. Ne5 Nxe5 16. Bxe5 g6 17. Bg3 Nd5 18. Nxd5 Bxd5 19. Be4 Rad8 20. Bxd5 Qxd5
21. Be5 f6 22. Bg3 Kf7 23. Qe2 Rc8 24. h3 Rc4 25. Rad1 Rfc8 26. Rd2 Rc1 27.
Rdd1 Rxd1 28. Rxd1 Rc4 29. Qd3 Rc6 30. Qd2 Kg7 31. Qd3 Bd6 32. Bxd6 Rxd6 33.
Qc3 g5 34. Re1 f5 35. Qe3 Kf7 36. Rd1 e5 37. Re1 e4 38. Rd1 f4 39. Qd2 Kf6 40.
Qb4 Ke6 41. Qd2 Qc4 42. Kh2 Kf5 43. Kg1 Qd5 44. Kh2 h5 45. Qe2 g4 46. hxg4+
hxg4 47. Kg1 Qc4 48. Qd2 Rd5 49. Kh2 Qb3 50. Re1 g3+ 51. Kg1 Qd3 52. Qd1 gxf2+
53. Kxf2 e3+ 54. Kg1 Qxd1 55. Rxd1 0-1

[Event "19. Obert Int. Sant Marti 2017 - B"]
[Site "Barcelona ESP"]
[Date "2017.07.18"]
[Round "6.57"]
[White "Bois D`enghien, Noumea"]
[Black "Sanchez Paz, Josep"]
[Result "1-0"]
[WhiteElo "1270"]
[BlackElo "1657"]
[PlyCount "41"]
[EventDate "2017.07.13"]
[EventType "swiss"]
[EventRounds "9"]
[EventCountry "ESP"]
[SourceTitle "Ajedrez en Madrid"]
[Source "lmi"]
[SourceDate "2017.07.13"]
[SourceVersion "1"]
[SourceVersionDate "2019.06.21"]
[SourceQuality "1"]

1. e4 c5 2. Nf3 Nc6 3. d4 cxd4 4. Nxd4 Nf6 5. Nxc6 bxc6 6. Nc3 e5 7. Bc4 Bb4 8.
Bd2 Qc7 9. f3 Rb8 10. a3 Bc5 11. b4 Bd4 12. Rb1 d5 13. Ba2 Bxc3 14. Bxc3 dxe4
15. Bb2 O-O 16. O-O exf3 17. Qxf3 Bg4 18. Qg3 Qb6+ 19. Kh1 Ne4 20. Qxe5 Nf2+
21. Rxf2 1-0

[Event "19. Obert Int. Sant Marti 2017 - B"]
[Site "Barcelona ESP"]
[Date "2017.07.18"]
[Round "6.58"]
[White "Minko, Aleksandr"]
[Black "Jimenez Molina, Victor"]
[Result "1/2-1/2"]
[WhiteElo "1275"]
[BlackElo "1646"]
[PlyCount "105"]
[EventDate "2017.07.13"]
[EventType "swiss"]
[EventRounds "9"]
[EventCountry "ESP"]
[SourceTitle "Ajedrez en Madrid"]
[Source "lmi"]
[SourceDate "2017.07.13"]
[SourceVersion "1"]
[SourceVersionDate "2019.06.21"]
[SourceQuality "1"]

1. e4 c5 2. Nf3 d6 3. d4 cxd4 4. Nxd4 Nf6 5. Nc3 a6 6. f3 e6 7. Be3 Be7 8. Qd2
Bd7 9. O-O-O b5 10. g4 b4 11. Nce2 O-O 12. h4 Ne8 13. g5 Nc6 14. h5 g6 15. hxg6
fxg6 16. Nf4 Rxf4 17. Qh2 Rf7 18. Bh3 Nxd4 19. Bxd4 Bxg5+ 20. Kb1 e5 21. Bxe5
dxe5 22. Be6 Nf6 23. Bxf7+ Kxf7 24. Qxe5 Nh5 25. Qd5+ Kf8 26. Qxd7 Qxd7 27.
Rxd7 Nf6 28. Rb7 a5 29. e5 Nh5 30. Rxh7 Re8 31. Rh8+ Ke7 32. Rxe8+ Kxe8 33. c4
bxc3 34. bxc3 Kf7 35. c4 Ke6 36. Re1 Be7 37. Rg1 Nf4 38. Re1 g5 39. Kc2 Ng6 40.
Kb3 Nxe5 41. Ka4 Bd8 42. Re4 Kf5 43. Rd4 Bf6 44. Rd5 Kf4 45. c5 Kxf3 46. Rd6
Bg7 47. c6 Nxc6 48. Rxc6 g4 49. Kxa5 g3 50. Rg6 Bc3+ 51. Kb5 g2 52. Rxg2 Kxg2
53. a4 1/2-1/2

[Event "19. Obert Int. Sant Marti 2017 - B"]
[Site "Barcelona ESP"]
[Date "2017.07.18"]
[Round "6.59"]
[White "Cespedes, Sandra"]
[Black "Avila Lopez, Juan"]
[Result "1-0"]
[WhiteElo "1814"]
[BlackElo "1282"]
[PlyCount "67"]
[EventDate "2017.07.13"]
[EventType "swiss"]
[EventRounds "9"]
[EventCountry "ESP"]
[SourceTitle "Ajedrez en Madrid"]
[Source "lmi"]
[SourceDate "2017.07.13"]
[SourceVersion "1"]
[SourceVersionDate "2019.06.21"]
[SourceQuality "1"]

1. e4 e5 2. Nf3 Nc6 3. Bb5 a6 4. Ba4 Nf6 5. Nc3 Bc5 6. O-O O-O 7. Bxc6 dxc6 8.
Nxe5 Qd4 9. Nd3 Ng4 10. Nxc5 Qxc5 11. h3 Nf6 12. d3 Nh5 13. Be3 Qa5 14. f4 Ng3
15. Rf3 Nh5 16. g4 Qb4 17. gxh5 Qxb2 18. Ne2 Qf6 19. Rg3 Qh4 20. Bd4 f6 21. Qf1
Qxh5 22. Qg2 Rf7 23. f5 b5 24. Kf2 c5 25. Bxc5 Bb7 26. Rg4 Kh8 27. Ng3 Qh6 28.
Be3 g5 29. fxg6 Qf8 30. gxf7 Qxf7 31. Bd4 Rd8 32. Nf5 Rg8 33. Rxg8+ Qxg8 34.
Bxf6+ 1-0

[Event "19. Obert Int. Sant Marti 2017 - B"]
[Site "Barcelona ESP"]
[Date "2017.07.18"]
[Round "6.60"]
[White "Subirana Santos, Marc"]
[Black "Lobo Pereira, Arami"]
[Result "1-0"]
[WhiteElo "1679"]
[BlackElo "1206"]
[PlyCount "93"]
[EventDate "2017.07.13"]
[EventType "swiss"]
[EventRounds "9"]
[EventCountry "ESP"]
[SourceTitle "Ajedrez en Madrid"]
[Source "lmi"]
[SourceDate "2017.07.13"]
[SourceVersion "1"]
[SourceVersionDate "2019.06.21"]
[SourceQuality "1"]

1. c4 c5 2. g3 Nc6 3. Bg2 g6 4. Nc3 Bg7 5. Nf3 Nf6 6. O-O O-O 7. d3 d6 8. h3
Bd7 9. e4 a6 10. Rb1 Rb8 11. Bd2 b5 12. b3 b4 13. Ne2 e5 14. Nh2 Re8 15. f4 Qe7
16. f5 Nd4 17. Nxd4 exd4 18. fxg6 hxg6 19. Bf4 Nh5 20. Qd2 Kh7 21. Nf3 Rh8 22.
g4 Nf6 23. Bg5 Kg8 24. Qf2 Qe6 25. e5 dxe5 26. Nxe5 Nh7 27. Bd5 Nxg5 28. Bxe6
Nxh3+ 29. Kg2 Nxf2 30. Bxf7+ Kh7 31. Nxd7 Rb7 32. Rxf2 Rxd7 33. g5 Be5 34. Rh1+
Kg7 35. Rxh8 Kxh8 36. Bxg6 Kg8 37. Be4 Rg7 38. g6 Rd7 39. Rf5 Bd6 40. Kf3 Kg7
41. Rh5 Rd8 42. Rh7+ Kf6 43. Kg4 Bf8 44. Ra7 Rd6 45. Rf7+ Ke6 46. Rxf8 Ke7 47.
g7 1-0

[Event "19. Obert Int. Sant Marti 2017 - B"]
[Site "Barcelona ESP"]
[Date "2017.07.18"]
[Round "6.61"]
[White "Martinez Navarro, Miquel"]
[Black "Serentill Tost, Eduard"]
[Result "0-1"]
[WhiteElo "1547"]
[BlackElo "1639"]
[PlyCount "69"]
[EventDate "2017.07.13"]
[EventType "swiss"]
[EventRounds "9"]
[EventCountry "ESP"]
[SourceTitle "Ajedrez en Madrid"]
[Source "lmi"]
[SourceDate "2017.07.13"]
[SourceVersion "1"]
[SourceVersionDate "2019.06.21"]
[SourceQuality "1"]

1. e4 e6 2. Nf3 d5 3. exd5 exd5 4. d3 Nf6 5. g3 Bd6 6. Bg2 O-O 7. O-O c6 8.
Nbd2 Bg4 9. Nb3 Qd7 10. Be3 Bh3 11. Bc5 Bxg2 12. Kxg2 Re8 13. Re1 Na6 14. Bxd6
Qxd6 15. Qd2 c5 16. a3 d4 17. Qg5 b6 18. Nbd2 Qc6 19. Kg1 h6 20. Ne5 Qb5 21.
Qf5 Qxb2 22. Ndc4 Qxc2 23. Nd6 Re7 24. Nexf7 Rxf7 25. Qe6 Raf8 26. Nxf7 Re8 27.
Nxh6+ Kh7 28. Qf5+ Kxh6 29. Rxe8 Nxe8 30. Qe6+ Nf6 31. Qf5 Qc3 32. Rf1 Qxa3 33.
g4 Nxg4 34. Qxg4 Qxd3 35. Kh1 0-1

[Event "19. Obert Int. Sant Marti 2017 - B"]
[Site "Barcelona ESP"]
[Date "2017.07.18"]
[Round "6.62"]
[White "Landsverk, Ida"]
[Black "Zubimendi Felip, Ricard"]
[Result "0-1"]
[WhiteElo "1439"]
[BlackElo "1625"]
[PlyCount "76"]
[EventDate "2017.07.13"]
[EventType "swiss"]
[EventRounds "9"]
[EventCountry "ESP"]
[SourceTitle "Ajedrez en Madrid"]
[Source "lmi"]
[SourceDate "2017.07.13"]
[SourceVersion "1"]
[SourceVersionDate "2019.06.21"]
[SourceQuality "1"]

1. e4 c5 2. Nf3 Nc6 3. d4 cxd4 4. Nxd4 e5 5. Nb5 d6 6. N1c3 a6 7. Na3 b5 8. Nd5
h6 9. c3 Nf6 10. f3 Bb7 11. Be3 Nxd5 12. Qxd5 Na5 13. Qd2 Be7 14. Rd1 Qc7 15.
Nc2 Nc4 16. Bxc4 Qxc4 17. b3 Qe6 18. Nb4 Qg6 19. Nd5 Bxd5 20. exd5 O-O 21. O-O
Rac8 22. f4 exf4 23. Bxf4 Bf6 24. Rf3 Bg5 25. Rg3 Bxf4 26. Qxf4 Qh5 27. Rd2
Rfe8 28. Rf3 Re5 29. Rg3 Re1+ 30. Kf2 Rce8 31. Qg4 Qe5 32. Rf3 Rh1 33. Re2
Qxe2+ 34. Kg3 Re5 35. Qf4 Rg5+ 36. Kh3 Qe7 37. Qd4 Re1 38. Qf4 Re4 0-1

[Event "19. Obert Int. Sant Marti 2017 - B"]
[Site "Barcelona ESP"]
[Date "2017.07.18"]
[Round "6.65"]
[White "Pifarre Gene, Joan Baptista"]
[Black "Ferre Navarro, Joan"]
[Result "0-1"]
[WhiteElo "1422"]
[BlackElo "1587"]
[PlyCount "88"]
[EventDate "2017.07.13"]
[EventType "swiss"]
[EventRounds "9"]
[EventCountry "ESP"]
[SourceTitle "Ajedrez en Madrid"]
[Source "lmi"]
[SourceDate "2017.07.13"]
[SourceVersion "1"]
[SourceVersionDate "2019.06.21"]
[SourceQuality "1"]

1. e4 e5 2. Nf3 Nc6 3. Bc4 Bc5 4. c3 Nf6 5. d3 O-O 6. O-O d6 7. Bb3 Bg4 8. h3
Bh5 9. Nbd2 b5 10. Re1 b4 11. Nf1 bxc3 12. bxc3 h6 13. g4 Bg6 14. Ng3 Nh7 15.
h4 Nf6 16. h5 Bh7 17. Nh4 Nxe4 18. Nxe4 Bxe4 19. Ng6 Bxg6 20. hxg6 Na5 21.
Bxf7+ Kh8 22. Qf3 Rb8 23. g5 Qd7 24. gxh6 Rxf7 25. gxf7 Rf8 26. hxg7+ Kxg7 27.
Re4 Rxf7 28. Rg4+ Kf8 29. Bh6+ Ke7 30. Rg7 Rxg7+ 31. Bxg7 Qe6 32. Qg3 Qf5 33.
Bh6 Kd7 34. Rd1 Kc6 35. Kg2 Kb6 36. Qf3 Qg6+ 37. Kf1 Qxh6 38. Rb1+ Ka6 39. d4
Bb6 40. Qd3+ Kb7 41. Qe4+ Kb8 42. Ke2 Qh5+ 43. Kd3 Qh3+ 44. Ke2 Qxc3 0-1

[Event "19. Obert Int. Sant Marti 2017 - B"]
[Site "Barcelona ESP"]
[Date "2017.07.18"]
[Round "6.66"]
[White "Minko, Uliana"]
[Black "Gibert Juan, Ramon"]
[Result "0-1"]
[WhiteElo "1293"]
[BlackElo "1580"]
[PlyCount "86"]
[EventDate "2017.07.13"]
[EventType "swiss"]
[EventRounds "9"]
[EventCountry "ESP"]
[SourceTitle "Ajedrez en Madrid"]
[Source "lmi"]
[SourceDate "2017.07.13"]
[SourceVersion "1"]
[SourceVersionDate "2019.06.21"]
[SourceQuality "1"]

1. c4 c5 2. g3 Nf6 3. Bg2 e6 4. Nc3 d5 5. d3 Be7 6. Nf3 Nc6 7. a3 O-O 8. O-O h6
9. Rb1 Bd7 10. Re1 d4 11. Na2 e5 12. b4 Bd6 13. e3 Bg4 14. Qb3 Rb8 15. h3 Be6
16. Bd2 b5 17. Rec1 bxc4 18. dxc4 Na5 19. Qc2 Nxc4 20. bxc5 Rxb1 21. Qxb1 Nxd2
22. Nxd2 Bc7 23. exd4 Qxd4 24. Nf3 Qa4 25. Rc3 Rb8 26. Nb4 Nd5 27. Rb3 a5 28.
Nd2 axb4 29. axb4 Rxb4 30. Rxb4 Nxb4 31. Ne4 Na6 32. Qb7 Qa5 33. c6 Qb6 34. Nc3
Qxb7 35. cxb7 Bc4 36. Na4 Bb5 37. Nc3 Bc4 38. Kh2 Nb8 39. Na4 Ba5 40. Kg1 Kf8
41. Nc5 Ke7 42. f4 exf4 43. gxf4 Bb6 0-1